| 000 | 01035nam a22003017a 4500 | ||
|---|---|---|---|
| 003 | CHAP | ||
| 005 | 20220329135404.0 | ||
| 008 | 971013s1980 r 00010 d | ||
| 010 | _a35504 | ||
| 011 | _a36476 | ||
| 035 | _a40595 | ||
| 040 | _cCHAP | ||
| 082 |
_a630 _bM48 |
||
| 110 |
_aMéxico. Secretaría de Agricultura y Recursos Hidráulicos. Representación Baja California _977136 |
||
| 245 |
_aInformación del sector agropecuario y forestal _b: ciclo agrícola 1979-80 |
||
| 260 |
_aMéxico, D.F. : _bLa Secretaría, _c1980 |
||
| 300 | _a201 p | ||
| 590 |
_aBATCH-UPD _b10 _c20130110 _lUCH01 _h1554 |
||
| 590 |
_aBATCH-UPD _b10 _c20130410 _lUCH01 _h0952 |
||
| 590 |
_aBATCH-UPD _b10 _c20130914 _lUCH01 _h0711 |
||
| 590 |
_aCONVERSION _b10 _c20130109 _lUCH01 _h1320 |
||
| 650 | 1 | 4 |
_aAgricultura _xBaja California. _91316 |
| 650 | 1 | 4 |
_aBosques _xBaja California. _914092 |
| 650 | 1 | 4 |
_aGanadería _xBaja California. _944657 |
| 901 | _aBK | ||
| 942 | _cLIBRO | ||
| 949 |
_a630 M48 _bBC _cLIBRO _d33724000027538 _eLIBRO _h63177 _i40595 _mD _si |
||
| 999 |
_c35504 _d35504 |
||